| 000 | 00376 a2200157 4500 | ||
|---|---|---|---|
| 001 | 154876 | ||
| 020 | _a978852628464 | ||
| 040 | _cEscola São Tomás de Aquino | ||
| 100 | _aLUZ, Antônio Máximo da | ||
| 240 | 1 | 0 |
_aFísica contexto & aplicações _lpor |
| 245 | 1 | 0 | _aFísica contexto & aplicações |
| 300 | _a456 | ||
| 362 | 0 | _a2011 | |
| 697 | _aFÍSICA | ||
| 942 | _cBK | ||
| 999 |
_c154876 _d154876 |
||